000 00591nam a2200229Ia 4500
001 2252
003 GE_BSU
008 181216s||||||||xx |||||||||||||| ||und||
020 _a9785946283229
040 _cGE_BSU
080 _a547(075.8)
100 _aТравень,В.Ф.
245 _aОрганическая химия
245 _bУчебник. для студ.вузов.
260 _aМосква
260 _bАкадемкнига
260 _c2008
300 _a582стр. илл.
541 _h70л.
653 _aОрганическая химия
942 _cBK
999 _c36343
_d36343